Oscar Wieners Quiz Stats

Quiz not verified by Sporcle

Also try: Celebrity Siblings
Challenge
Share
Tweet
Score 0/18 Timer 05:00
0 Plays Today
% Correct
George Clooney
88.7%
Meryl Streep
79.8%
Halle Berry
71.4%
Matt Damon and Ben Affleck
70.9%
Penelope Cruz
70.9%
Angelina Jolie
70%
Al Pacino
69.5%
Jeff Bridges
68.5%
Kate Winslet
67.5%
% Correct
Audrey Hepburn
66.5%
Anthony Hopkins
58.6%
Julie Andrews
52.7%
Sally Field
52.2%
Michael Moore
51.7%
Christopher Plummer
44.8%
Javier Bardem
44.3%
Octavia Spencer
35%
Jean Dujardin
16.7%

You're not logged in!

Compare scores with friends on all Sporcle quizzes.
Sign Up with Email
OR
Log In

You Might Also Like...

Show Comments

Extras

Top Quizzes Today


Score Distribution

Your Account Isn't Verified!

In order to create a playlist on Sporcle, you need to verify the email address you used during registration. Go to your Sporcle Settings to finish the process.